[Event "BL2 West 1415 (Women)"]
[Site "Germany"]
[Date "2015.03.29"]
[Round "7.1"]
[White "Winnicki, Alice"]
[Black "Sherif, Amina"]
[Result "0-1"]
[WhiteElo "2036"]
[BlackElo "1880"]
[PlyCount "82"]
[EventDate "2014.09.27"]
[EventType "team-tourn"]
[EventRounds "7"]
[EventCountry "GER"]
[SourceTitle "CBM 166 Extra"]
[Source "ChessBase"]
[SourceDate "2015.06.18"]
[SourceVersion "1"]
[SourceVersionDate "2015.06.18"]
[SourceQuality "1"]
[WhiteTeam "Quickborn Holstein (W)"]
[BlackTeam "Heiden (W)"]
[WhiteTeamCountry "GER"]
[BlackTeamCountry "GER"]

1. e4 d5 2. exd5 Qxd5 3. d4 Nf6 4. Nf3 a6 5. c4 Qd6 6. c5 Qd8 7. Bc4 Nc6 8. d5 Nb8 9. 0-0 g6 10. Nc3 Bg7 11. Bf4 0-0 12. Qd2 Re8 13. Bh6 Bh8 14. Rfe1 Nbd7 15. b4 Nf8 16. Rad1 Bg4 17. Qf4 Qc8 18. Rd3 Bf5 19. Rd2 Ng4 20. Ne4 e5 21. Qg5 Nxh6 22. Qxh6 Bg7 23. Qg5 Nd7 24. Ng3 h6 25. Qe3 Nf6 26. h3 Kh7 27. Nxf5 Qxf5 28. d6 cxd6 29. Bxf7 Rf8 30. Nh4 Qg5 31. Bxg6+ Kg8 32. Qxg5 hxg5 33. Nf5 dxc5 34. bxc5 Rad8 35. Rxd8 Rxd8 36. Rxe5 Rd1+ 37. Kh2 Ng4+ 38. hxg4 Bxe5+ 39. g3 Rc1 40. c6 bxc6 41. Kg2 Kf8 0-1

[Event "BL2 West 1415 (Women)"]
[Site "Germany"]
[Date "2014.09.27"]
[Round "1.1"]
[White "Winnicki, Alice"]
[Black "Brandt, Carina"]
[Result "1-0"]
[WhiteElo "2036"]
[BlackElo "1886"]
[PlyCount "105"]
[EventDate "2014.09.27"]
[EventType "team-tourn"]
[EventRounds "7"]
[EventCountry "GER"]
[SourceTitle "CBM 166 Extra"]
[Source "ChessBase"]
[SourceDate "2015.06.18"]
[SourceVersion "1"]
[SourceVersionDate "2015.06.18"]
[SourceQuality "1"]
[WhiteTeam "Quickborn Holstein (W)"]
[BlackTeam "Harksheide (W)"]
[WhiteTeamCountry "GER"]
[BlackTeamCountry "GER"]

1. e4 e6 2. d4 d5 3. Nc3 Bb4 4. a3 Bxc3+ 5. bxc3 dxe4 6. Qg4 Nf6 7. Qxg7 Rg8 8. Qh6 Nbd7 9. Bb2 b6 10. 0-0-0 Bb7 11. c4 Qe7 12. Ne2 0-0-0 13. Nc3 Rg6 14. Qd2 Kb8 15. h4 Rgg8 16. Rg1 Ng4 17. Qf4 e5 18. dxe5 Ngxe5 19. Be2 Ng6 20. Qg5 Qxg5+ 21. hxg5 Nf4 22. Rh1 Ne5 23. Rxd8+ Rxd8 24. Bf1 Ne6 25. Nxe4 Bxe4 26. Bxe5 Nxg5 27. f3 Bf5 28. Bf6 Rg8 29. Rh5 h6 30. Rxh6 Ne6 31. Rh8 Rxh8 32. Bxh8 Nc5 33. Kd2 Kb7 34. g4 Be6 35. Bd4 Kc6 36. Be2 Kd6 37. Ke3 Nb7 38. f4 Na5 39. Be5+ Kd7 40. Kd4 Nc6+ 41. Ke4 Na5 42. g5 Nxc4 43. f5 Nxe5 44. Kxe5 Ba2 45. Kf6 Ke8 46. Bb5+ Kf8 47. Ba4 c5 48. Bb3 Bxb3 49. cxb3 Kg8 50. Ke5 Kg7 51. Kd6 Kf8 52. Kc6 Ke7 53. a4 1-0

[Event "Hamburg St Pauli op-A"]
[Site "Hamburg"]
[Date "2013.07.07"]
[Round "2"]
[White "Plump, Detlef"]
[Black "Winnicki, Alice"]
[Result "1-0"]
[WhiteElo "2230"]
[BlackElo "2062"]
[PlyCount "35"]
[EventDate "2013.07.06"]
[EventType "swiss"]
[EventRounds "9"]
[EventCountry "GER"]
[SourceTitle "CBM 155 Extra"]
[Source "ChessBase"]
[SourceDate "2013.08.26"]
[SourceVersion "1"]
[SourceVersionDate "2013.08.26"]
[SourceQuality "1"]

1. e4 e6 2. d4 d5 3. Nc3 dxe4 4. Nxe4 Nd7 5. Nf3 Ngf6 6. Bd3 Nxe4 7. Bxe4 Nf6 8. Bd3 b6 9. 0-0 Bb7 10. Bf4 Nd5 11. Bg3 Bd6 12. Ne5 Bxe5 13. Bxe5 Qg5 14. Bb5+ c6 15. Bd3 c5 16. Bb5+ Ke7 17. Qf3 cxd4 18. Qa3+ 1-0

[Event "GER-chT Federal Cup (Women)"]
[Site "Braunfels"]
[Date "2013.05.30"]
[Round "1.4"]
[White "Winnicki, Alice"]
[Black "Vidonyak, Nellya"]
[Result "0-1"]
[WhiteElo "2062"]
[BlackElo "2124"]
[PlyCount "54"]
[EventDate "2013.05.30"]
[EventType "team-swiss"]
[EventRounds "5"]
[EventCountry "GER"]
[SourceTitle "EXT 2014"]
[Source "ChessBase"]
[SourceDate "2013.11.20"]
[SourceVersion "1"]
[SourceVersionDate "2013.11.20"]
[SourceQuality "1"]
[WhiteTeam "Hamburg (W)"]
[BlackTeam "Bayern (W)"]
[WhiteTeamCountry "GER"]
[BlackTeamCountry "GER"]

1. e4 a6 2. d4 b5 3. Bd3 Bb7 4. f4 Nf6 5. Qe2 c5 6. c3 cxd4 7. cxd4 Nc6 8. Nf3 Nb4 9. Nbd2 Nxd3+ 10. Qxd3 d5 11. e5 Ne4 12. f5 e6 13. fxe6 fxe6 14. 0-0 Be7 15. Ne1 Qb6 16. Nb3 a5 17. Bd2 b4 18. Qf3 Nxd2 19. Qf7+ Kd8 20. Nxd2 Qxd4+ 21. Qf2 Qxf2+ 22. Kxf2 Ba6 23. Rh1 Bc5+ 24. Kg3 Bd4 25. Nef3 Bxb2 26. Rab1 Bc3 27. Nb3 Bc4 0-1

[Event "BL2 Gr03 0506 (Women)"]
[Site "Germany"]
[Date "2006.03.04"]
[Round "6.2"]
[White "Winnicki, Alice"]
[Black "Nuenchert, Eveline"]
[Result "0-1"]
[WhiteElo "1976"]
[BlackElo "2130"]
[PlyCount "50"]
[EventDate "2005.10.29"]
[EventType "team-tourn"]
[EventRounds "7"]
[EventCountry "GER"]
[SourceTitle "EXT 2007"]
[Source "ChessBase"]
[SourceDate "2006.11.23"]
[SourceVersion "1"]
[SourceVersionDate "2006.11.23"]
[SourceQuality "1"]
[WhiteTeam "Hamburger SK II"]
[BlackTeam "Potsdam"]
[WhiteTeamCountry "GER"]
[BlackTeamCountry "GER"]

1. e4 c5 2. Nf3 e6 3. c3 d6 4. d4 Qc7 5. Bb5+ Bd7 6. Bxd7+ Nxd7 7. 0-0 Ngf6 8. Re1 Be7 9. Bg5 h6 10. Bh4 g5 11. Bg3 Nh5 12. dxc5 Qxc5 13. b4 Qc7 14. Qd4 0-0 15. e5 Nxg3 16. exd6 Bxd6 17. hxg3 Be7 18. a4 Rfd8 19. Qe3 Nb6 20. Rc1 Nd5 21. Qe1 Rac8 22. Nd4 Nxb4 23. Nxe6 fxe6 24. Qxe6+ Kg7 25. Re1 Bf6 0-1

[Event "Hamburg Junge op"]
[Site "Hamburg"]
[Date "2005.10.02"]
[Round "2"]
[White "Winnicki, Alice"]
[Black "Hielscher, Ursula"]
[Result "1/2-1/2"]
[WhiteElo "2069"]
[BlackElo "1875"]
[PlyCount "103"]
[EventDate "2005.10.01"]
[EventType "swiss"]
[EventRounds "9"]
[EventCountry "GER"]
[SourceTitle "CBM 108 Extra"]
[Source "ChessBase"]
[SourceDate "2005.11.04"]
[SourceVersion "1"]
[SourceVersionDate "2005.11.04"]
[SourceQuality "1"]

1. e4 e5 2. Nf3 Nf6 3. Nxe5 d6 4. Nf3 Nxe4 5. d4 Be7 6. Bd3 Nf6 7. c4 c6 8. Nc3 0-0 9. 0-0 Bg4 10. h3 Bh5 11. Rb1 Nbd7 12. b4 b6 13. Rb3 c5 14. bxc5 bxc5 15. Bb1 cxd4 16. Nb5 Nc5 17. Ra3 Qb8 18. Re1 Re8 19. Bf4 Ne6 20. Bh2 Qb6 21. Nbxd4 Nxd4 22. Qxd4 Qxd4 23. Nxd4 d5 24. Rae3 Bb4 25. Rxe8+ Nxe8 26. Re5 Nf6 27. Nc6 Bd6 28. Re3 Bxh2+ 29. Kxh2 dxc4 30. Rc3 Be2 31. Re3 Bd3 32. Bxd3 cxd3 33. Rxd3 Ne4 34. f3 Nc5 35. Rd5 Ne6 36. Ra5 a6 37. Nb4 Nc7 38. Rc5 Ne6 39. Rc6 a5 40. Nd3 Kf8 41. Ne5 Ke8 42. g4 Rb8 43. Kg3 Nd4 44. Rc7 f6 45. Nc4 Kf8 46. Nxa5 Rb2 47. a3 Ra2 48. Nc4 Ne2+ 49. Kf2 Nf4+ 50. Kg3 g5 51. Ne3 Rxa3 52. Nc2 1/2-1/2

[Event "Hamburg Junge op"]
[Site "Hamburg"]
[Date "2005.10.01"]
[Round "1"]
[White "Rozentalis, Eduardas"]
[Black "Winnicki, Alice"]
[Result "1-0"]
[WhiteElo "2585"]
[BlackElo "2069"]
[PlyCount "35"]
[EventDate "2005.10.01"]
[EventType "swiss"]
[EventRounds "9"]
[EventCountry "GER"]
[SourceTitle "CBM 108 Extra"]
[Source "ChessBase"]
[SourceDate "2005.11.04"]
[SourceVersion "1"]
[SourceVersionDate "2005.11.04"]
[SourceQuality "1"]

1. e4 e6 2. d4 d5 3. e5 c5 4. c3 Qb6 5. Nf3 Bd7 6. Bd3 Bb5 7. dxc5 Bxc5 8. b4 Be7 9. 0-0 Bxd3 10. Qxd3 Nc6 11. a4 Rc8 12. a5 Qc7 13. a6 f6 14. exf6 Nxf6 15. axb7 Qxb7 16. Be3 Bd8 17. Qa6 Qd7 18. b5 1-0

[Event "Hamburg League qual"]
[Site "Hamburg"]
[Date "2005.08.27"]
[Round "4"]
[White "Winnicki, Alice"]
[Black "Urban, Ralf Dieter"]
[Result "0-1"]
[WhiteElo "2092"]
[BlackElo "1993"]
[PlyCount "20"]
[EventDate "2005.08.14"]
[EventType "swiss"]
[EventRounds "7"]
[EventCountry "GER"]
[SourceTitle "EXT 2006"]
[Source "ChessBase"]
[SourceDate "2005.11.24"]
[SourceVersion "1"]
[SourceVersionDate "2005.11.24"]
[SourceQuality "1"]

1. e4 e5 2. Nf3 d5 3. exd5 e4 4. Qe2 Nf6 5. Nc3 Be7 6. Nxe4 0-0 7. Nc3 Bg4 8. Qd3 Na6 9. Nd4 Nb4 10. Qc4 c5 0-1

[Event "Bargteheide op"]
[Site "Bargteheide"]
[Date "2005.05.07"]
[Round "5"]
[White "Hebbinghaus, Holger"]
[Black "Winnicki, Alice"]
[Result "1-0"]
[WhiteElo "2320"]
[BlackElo "2104"]
[PlyCount "37"]
[EventDate "2005.05.05"]
[EventType "swiss"]
[EventRounds "7"]
[EventCountry "GER"]
[SourceTitle "CBM 106 Extra"]
[Source "ChessBase"]
[SourceDate "2005.07.01"]
[SourceVersion "1"]
[SourceVersionDate "2005.07.01"]
[SourceQuality "1"]

1. e4 e6 2. d4 d5 3. Nd2 dxe4 4. Nxe4 Nd7 5. g3 Ngf6 6. Nxf6+ Nxf6 7. Bg2 c5 8. Ne2 cxd4 9. Qxd4 Qxd4 10. Nxd4 a6 11. 0-0 Bc5 12. Nb3 Be7 13. Na5 Ra7 14. Be3 Bd8 15. Bxa7 Bxa5 16. Bc5 Nd7 17. Bd6 f6 18. Rad1 Kf7 19. b4 1-0

[Event "GER-chT U20 Girls"]
[Site "Pori"]
[Date "2004.12.29"]
[Round "5.1"]
[White "Winnicki, Alice"]
[Black "Vaideslaver, Olga"]
[Result "1-0"]
[WhiteElo "2017"]
[BlackElo "1877"]
[PlyCount "71"]
[EventDate "2004.12.27"]
[EventType "team-tourn"]
[EventRounds "7"]
[EventCountry "GER"]
[SourceTitle "EXT 2006"]
[Source "ChessBase"]
[SourceDate "2005.11.24"]
[SourceVersion "1"]
[SourceVersionDate "2005.11.24"]
[SourceQuality "1"]

1. e4 g6 2. d4 Bg7 3. c3 d6 4. f4 Nh6 5. Nf3 0-0 6. Bd3 d5 7. e5 Bg4 8. Nbd2 c6 9. Nf1 e6 10. Ne3 Bxf3 11. Qxf3 Nf5 12. Nxf5 exf5 13. Be3 Re8 14. h4 h5 15. Bxf5 gxf5 16. Qxh5 Qd7 17. g4 Qe6 18. gxf5 Qh6 19. Qf3 Qh7 20. Rg1 Nd7 21. 0-0-0 f6 22. Rg6 Nf8 23. h5 Nxg6 24. hxg6 Qh8 25. Rh1 Bh6 26. exf6 Qxf6 27. Rxh6 Qxf5 28. Qh1 Qf6 29. Bd2 Kf8 30. Rh8+ Ke7 31. Rh7+ Kd8 32. Qh3 Re7 33. Rh8+ Re8 34. Rxe8+ Kxe8 35. Qh7 Kf8 36. f5 1-0

[Event "GER-chT U20 Girls"]
[Site "Pori"]
[Date "2004.12.28"]
[Round "4.1"]
[White "Winnicki, Alice"]
[Black "Dietzen, Corinna"]
[Result "1-0"]
[WhiteElo "2017"]
[BlackElo "1852"]
[PlyCount "99"]
[EventDate "2004.12.27"]
[EventType "team-tourn"]
[EventRounds "7"]
[EventCountry "GER"]
[SourceTitle "EXT 2006"]
[Source "ChessBase"]
[SourceDate "2005.11.24"]
[SourceVersion "1"]
[SourceVersionDate "2005.11.24"]
[SourceQuality "1"]

1. e4 c5 2. c3 d5 3. exd5 Qxd5 4. d4 Nf6 5. Nf3 e6 6. Be2 Nc6 7. 0-0 Be7 8. c4 Qd8 9. dxc5 Bxc5 10. Nc3 0-0 11. a3 b6 12. b4 Be7 13. Qb3 Qc7 14. Nb5 Qb8 15. Bb2 a6 16. Nbd4 Bb7 17. Rfe1 Rd8 18. Rac1 Ra7 19. h3 Ba8 20. Qe3 Rad7 21. Nxc6 Bxc6 22. Ne5 Rc7 23. Nxc6 Rxc6 24. Bf3 Rcc8 25. Bd4 Nd7 26. Red1 Bf6 27. Bxf6 Nxf6 28. Rxd8+ Rxd8 29. c5 bxc5 30. Qxc5 h6 31. Qc6 Rd6 32. Qc8+ Qxc8 33. Rxc8+ Kh7 34. Rc6 Ne8 35. Rxd6 Nxd6 36. Be2 Nb5 37. a4 Nc3 38. Bxa6 Nxa4 39. Kf1 Kg8 40. Ke2 Kf8 41. Kd3 Ke7 42. Kc4 Kd6 43. Bb7 Kc7 44. Be4 Nb6+ 45. Kb5 Nc8 46. Kc5 Nb6 47. Bc6 Nc8 48. b5 f6 49. Be8 Nd6 50. b6+ 1-0

[Event "GER-chT U20 Girls"]
[Site "Pori"]
[Date "2004.12.27"]
[Round "1.1"]
[White "Kohl, Annette"]
[Black "Winnicki, Alice"]
[Result "0-1"]
[WhiteElo "1411"]
[BlackElo "2017"]
[PlyCount "94"]
[EventDate "2004.12.27"]
[EventType "team-tourn"]
[EventRounds "7"]
[EventCountry "GER"]
[SourceTitle "EXT 2006"]
[Source "ChessBase"]
[SourceDate "2005.11.24"]
[SourceVersion "1"]
[SourceVersionDate "2005.11.24"]
[SourceQuality "1"]

1. e4 e6 2. d4 d5 3. e5 c5 4. c3 Qb6 5. Nf3 Bd7 6. b3 Nc6 7. Be3 Rc8 8. Nbd2 Nh6 9. Bd3 Nf5 10. dxc5 Bxc5 11. Bxc5 Qxc5 12. Bxf5 exf5 13. Rc1 Nb4 14. Nc4 dxc4 15. cxb4 Qxb4+ 16. Qd2 Qxd2+ 17. Nxd2 cxb3 18. Rxc8+ Bxc8 19. axb3 Be6 20. f4 Ke7 21. Kf2 Rc8 22. Rb1 Bd5 23. Rb2 Rc1 24. Nf3 Bxf3 25. Kxf3 f6 26. exf6+ Kxf6 27. Ke3 Ke6 28. Kd4 Kd6 29. b4 Rd1+ 30. Kc4 Kc6 31. Rc2 Re1 32. Kb3+ Kd6 33. Ka4 g6 34. Rd2+ Kc6 35. Rc2+ Kb6 36. g3 Re4 37. Ka3 Re7 38. Rd2 Kb5 39. Rc2 Re3+ 40. Kb2 Kxb4 41. Rc7 Re2+ 42. Kc1 b5 43. Rxa7 Rxh2 44. Rd7 Rh3 45. Rd3 Kc4 46. Re3 h5 47. Kd2 b4 0-1

[Event "GER-chT2 (Women) 0405"]
[Site "Germany"]
[Date "2004.12.05"]
[Round "4"]
[White "Neumeyer, Hannelore"]
[Black "Winnicki, Alice"]
[Result "1-0"]
[WhiteElo "2047"]
[BlackElo "2092"]
[PlyCount "41"]
[EventDate "2004.11.06"]
[EventType "team-tourn"]
[EventRounds "9"]
[EventCountry "GER"]
[SourceTitle "EXT 2006"]
[Source "ChessBase"]
[SourceDate "2005.11.24"]
[SourceVersion "1"]
[SourceVersionDate "2005.11.24"]
[SourceQuality "1"]

1. d4 d5 2. e4 e6 3. c4 dxe4 4. Nc3 Nf6 5. f3 exf3 6. Nxf3 Be7 7. Bd3 0-0 8. 0-0 Nbd7 9. Bg5 c5 10. Kh1 cxd4 11. Nxd4 Nc5 12. Bc2 Bd7 13. Bxf6 gxf6 14. Qh5 f5 15. Nxf5 exf5 16. Rxf5 Bxf5 17. Bxf5 Kg7 18. Qxh7+ Kf6 19. Rf1 Bd6 20. Bg4+ Ke7 21. Re1+ 1-0

[Event "GER-chT2 (Women) 0405"]
[Site "Germany"]
[Date "2004.11.07"]
[Round "2"]
[White "Markgraf, Claudia"]
[Black "Winnicki, Alice"]
[Result "1-0"]
[WhiteElo "2158"]
[BlackElo "2032"]
[PlyCount "59"]
[EventDate "2004.11.06"]
[EventType "team-tourn"]
[EventRounds "9"]
[EventCountry "GER"]
[SourceTitle "EXT 2006"]
[Source "ChessBase"]
[SourceDate "2005.11.24"]
[SourceVersion "1"]
[SourceVersionDate "2005.11.24"]
[SourceQuality "1"]

1. e4 e6 2. d4 d5 3. e5 c5 4. c3 Nc6 5. Nf3 Bd7 6. a3 Rc8 7. b4 cxd4 8. cxd4 Nge7 9. Be3 Qb6 10. Nbd2 Nf5 11. Nb3 Be7 12. Bd3 0-0 13. 0-0 Nb8 14. Qe2 Qd8 15. Bd2 b6 16. g4 Nh4 17. Nxh4 Bxh4 18. f4 Ba4 19. Rab1 Nc6 20. Be3 Bxb3 21. Rxb3 f6 22. g5 fxg5 23. Qh5 g6 24. Bxg6 hxg6 25. Qxg6+ Kh8 26. Qh6+ Kg8 27. Qxe6+ Kh7 28. f5 Ne7 29. f6 Ng6 30. Qg4 1-0

[Event "BL 0304 (Women)"]
[Site "Germany"]
[Date "2004.04.18"]
[Round "11.6"]
[White "Sarana Hungeling, Oksana"]
[Black "Winnicki, Alice"]
[Result "1/2-1/2"]
[WhiteElo "2307"]
[BlackElo "1999"]
[PlyCount "47"]
[EventDate "2003.11.29"]
[EventType "team-tourn"]
[EventRounds "11"]
[EventCountry "GER"]
[SourceTitle "EXT 2005"]
[Source "ChessBase"]
[SourceDate "2004.11.15"]
[SourceVersion "1"]
[SourceVersionDate "2004.11.15"]
[SourceQuality "1"]
[WhiteTeam "Emsdetten (W)"]
[BlackTeam "Hamburg"]
[WhiteTeamCountry "GER"]
[BlackTeamCountry "GER"]

1. e4 e6 2. d4 d5 3. Nd2 Nf6 4. e5 Nfd7 5. Bd3 c5 6. c3 Nc6 7. Ne2 cxd4 8. cxd4 f6 9. exf6 Nxf6 10. Nf3 Bd6 11. 0-0 Qc7 12. Re1 0-0 13. Nc3 a6 14. Bg5 Bd7 15. Bh4 Nh5 16. Rc1 Bf4 17. Rc2 Rae8 18. a3 g6 19. Ne2 Bd6 20. Bg5 Rxf3 21. gxf3 Bxh2+ 22. Kg2 Nf4+ 23. Nxf4 Bxf4 24. Bf6 1/2-1/2

[Event "BL 0304 (Women)"]
[Site "Germany"]
[Date "2004.04.17"]
[Round "10.6"]
[White "Winnicki, Alice"]
[Black "Werner, Maria"]
[Result "1-0"]
[WhiteElo "1999"]
[BlackElo "1527"]
[PlyCount "47"]
[EventDate "2003.11.29"]
[EventType "team-tourn"]
[EventRounds "11"]
[EventCountry "GER"]
[SourceTitle "EXT 2005"]
[Source "ChessBase"]
[SourceDate "2004.11.15"]
[SourceVersion "1"]
[SourceVersionDate "2004.11.15"]
[SourceQuality "1"]
[WhiteTeam "Hamburg"]
[BlackTeam "Mannheim"]
[WhiteTeamCountry "GER"]
[BlackTeamCountry "GER"]

1. e4 c5 2. Nf3 Nc6 3. d4 cxd4 4. Nxd4 Nf6 5. Nc3 e5 6. Ndb5 Be7 7. Nd6+ Bxd6 8. Qxd6 Qe7 9. Qd1 0-0 10. Bg5 Qe6 11. Qd2 a6 12. f3 b5 13. Nd5 Ne8 14. h4 Bb7 15. Nb6 Nc7 16. Nxa8 Rxa8 17. a3 f6 18. Be3 Ne7 19. Qa5 Qc6 20. 0-0-0 d5 21. Qb6 dxe4 22. fxe4 Qxb6 23. Bxb6 Rc8 24. Rd7 1-0

[Event "EU-ch (Women) 5th"]
[Site "Dresden"]
[Date "2004.03.21"]
[Round "1"]
[White "Winnicki, Alice"]
[Black "Calzetta Ruiz, Monica"]
[Result "0-1"]
[WhiteElo "2013"]
[BlackElo "2291"]
[PlyCount "60"]
[EventDate "2004.03.21"]
[EventType "swiss"]
[EventRounds "12"]
[EventCountry "GER"]
[SourceTitle "CBM 099 Extra"]
[Source "ChessBase"]
[SourceDate "2004.05.04"]
[SourceVersion "1"]
[SourceVersionDate "2004.05.04"]
[SourceQuality "1"]

1. e4 c5 2. Nf3 Nc6 3. d4 cxd4 4. Nxd4 g6 5. Nc3 Bg7 6. Be3 Nf6 7. Bc4 d6 8. f3 0-0 9. Qd2 Nd7 10. h4 Nb6 11. Bb3 Na5 12. 0-0-0 Nbc4 13. Qd3 Nxe3 14. Qxe3 Nxb3+ 15. axb3 Bd7 16. h5 a5 17. Qg5 a4 18. bxa4 Bxa4 19. Nf5 f6 20. Nh6+ Kh8 21. Qe3 Bxh6 22. Qxh6 g5 23. f4 gxf4 24. Qxf4 Bc6 25. g4 Rg8 26. Rhg1 Ra1+ 27. Kd2 Ra5 28. Ne2 Qb6 29. b3 Qb4+ 30. Nc3 Qd4+ 0-1

[Event "BL2 Gr3 0304 (Women)"]
[Site "Germany"]
[Date "2004.03.14"]
[Round "7.4"]
[White "Schulz, Stefanie"]
[Black "Winnicki, Alice"]
[Result "1/2-1/2"]
[WhiteElo "2079"]
[BlackElo "2013"]
[PlyCount "158"]
[EventDate "2003.10.25"]
[EventType "team-tourn"]
[EventRounds "7"]
[EventCountry "GER"]
[SourceTitle "EXT 2006"]
[Source "ChessBase"]
[SourceDate "2005.11.24"]
[SourceVersion "1"]
[SourceVersionDate "2005.11.24"]
[SourceQuality "1"]
[WhiteTeam "Leipzig Allianz (W)"]
[BlackTeam "Hamburger SK (W) II"]
[WhiteTeamCountry "GER"]
[BlackTeamCountry "GER"]

1. e4 Nf6 2. Nc3 d5 3. e5 Nfd7 4. d4 e6 5. f4 c5 6. Nf3 Nc6 7. Be3 a6 8. Be2 b5 9. 0-0 Qb6 10. dxc5 Bxc5 11. Bxc5 Nxc5 12. Kh1 b4 13. Nb1 Ne4 14. Qe1 Nd4 15. Bd3 Nxf3 16. Rxf3 Nc5 17. Be2 a5 18. Nd2 Ba6 19. Bxa6 Qxa6 20. a3 bxa3 21. Rfxa3 a4 22. Qe3 Qb5 23. Qd4 Rc8 24. c4 dxc4 25. Nxc4 0-0 26. Nd6 Qd7 27. Qb4 Rc7 28. Rc3 Na6 29. Qxa4 Qxa4 30. Rxa4 Rxc3 31. bxc3 Nc5 32. Rc4 Ra8 33. Kg1 Nd3 34. g3 g5 35. Kf1 Ra7 36. Ke2 Nb2 37. Rc8+ Kg7 38. Rb8 Ra2 39. Kf3 gxf4 40. gxf4 Nd3 41. Ke3 Nc5 42. Rc8 Na6 43. Ra8 Nb4 44. Rxa2 Nxa2 45. c4 Kf8 46. Kf3 Nb4 47. Kg4 Nd3 48. Kg5 Ke7 49. Ne4 h6+ 50. Kg4 Kf8 51. Kf3 Ne1+ 52. Kf2 Nd3+ 53. Ke3 Ne1 54. Nf6 Ng2+ 55. Ke4 Nh4 56. Nh5 Ke7 57. Ng3 f6 58. exf6+ Kxf6 59. c5 Ng6 60. f5 Ne7 61. fxe6 Kxe6 62. Ne2 Kf6 63. Nd4 h5 64. Nf3 Ke6 65. Ne5 Nd5 66. Ng6 Nf6+ 67. Kd4 Kd7 68. Ne5+ Kc7 69. Kc4 Ne4 70. Kd5 Nf6+ 71. Ke6 Ne4 72. Nd3 Ng5+ 73. Kf5 Nf3 74. h3 Ng1 75. h4 Nf3 76. Kg6 Nxh4+ 77. Kxh5 Nf3 78. Kg6 Kc6 79. Kf5 Ne1 1/2-1/2

[Event "GER-chT U20 Girls"]
[Site "Ditzingen"]
[Date "2003.12.28"]
[Round "3.1"]
[White "Stejskal, Janina Maria"]
[Black "Winnicki, Alice"]
[Result "0-1"]
[WhiteElo "1833"]
[BlackElo "2032"]
[PlyCount "96"]
[EventDate "2003.12.27"]
[EventType "team-swiss"]
[EventRounds "7"]
[EventCountry "GER"]
[SourceTitle "EXT 2022"]
[Source "ChessBase"]
[SourceDate "2021.10.06"]
[SourceVersion "1"]
[SourceVersionDate "2021.10.06"]
[SourceQuality "1"]
[WhiteTeam "Hamburger SK U20 Girls"]
[BlackTeam "Eppendorf Johanneum U20 Girls"]
[WhiteTeamCountry "GER"]
[BlackTeamCountry "GER"]

1. e4 Nf6 2. e5 Nd5 3. d4 d6 4. Nf3 Bg4 5. Bc4 e6 6. 0-0 Nc6 7. exd6 Bxd6 8. Bxd5 exd5 9. Re1+ Ne7 10. Nbd2 Qd7 11. Nf1 0-0-0 12. Qd3 f6 13. b3 Bf5 14. Qd1 g5 15. Ne3 h5 16. Bb2 h4 17. c4 g4 18. Nd2 g3 19. Ndf1 gxh2+ 20. Kh1 Rdg8 21. Nxf5 Nxf5 22. Qf3 Rg4 23. Qxg4 Ng3+ 24. Qxg3 hxg3 25. Nxg3 f5 26. c5 Bf8 27. Bc1 Rh4 28. Ne2 Bg7 29. Be3 Bf6 30. Rad1 Qg7 31. Nf4 c6 32. Ne6 Qh8 33. Bf4 Rh7 34. Be3 Qg8 35. Nf4 Bg5 36. Ne6 Bh4 37. Nf4 Qg4 38. Rd2 Bd8 39. Ne6 Ba5 40. f3 Qg8 41. Bg5 Bxd2 42. Bxd2 Qg3 43. Nf8 Rh4 44. Re8+ Kc7 45. Be1 Qxg2+ 46. Kxg2 h1Q+ 47. Kf2 Rh2+ 48. Kg3 Rh3+ 0-1

[Event "BL2 Gr3 0304 (Women)"]
[Site "Germany"]
[Date "2003.10.26"]
[Round "2.2"]
[White "Winnicki, Alice"]
[Black "Jaracz, Barbara"]
[Result "0-1"]
[WhiteElo "2013"]
[BlackElo "2287"]
[PlyCount "56"]
[EventDate "2003.10.25"]
[EventType "team-tourn"]
[EventRounds "7"]
[EventCountry "GER"]
[SourceTitle "EXT 2006"]
[Source "ChessBase"]
[SourceDate "2005.11.24"]
[SourceVersion "1"]
[SourceVersionDate "2005.11.24"]
[SourceQuality "1"]
[WhiteTeam "Hamburger SK (W) II"]
[BlackTeam "Guben (W)"]
[WhiteTeamCountry "GER"]
[BlackTeamCountry "GER"]

1. d4 Nf6 2. g3 g6 3. Nf3 Bg7 4. Bg2 d5 5. 0-0 0-0 6. c4 dxc4 7. Nbd2 b5 8. a4 c6 9. Qc2 Na6 10. e4 Nb4 11. Qc3 a5 12. b3 cxb3 13. Qxb3 c5 14. axb5 cxd4 15. Bb2 d3 16. Bc3 Be6 17. Qb2 Ne8 18. Bxg7 Nxg7 19. Nd4 Qb6 20. Rfc1 Rfc8 21. e5 Rab8 22. Nc6 Nxc6 23. Bxc6 Rxc6 24. Rxc6 Qxc6 25. bxc6 Rxb2 26. Rxa5 Rxd2 27. Ra8+ Ne8 28. Rxe8+ Kg7 0-1

[Event "Augsburg Afro op"]
[Site "Augsburg"]
[Date "2003.08.10"]
[Round "7"]
[White "Winnicki, Alice"]
[Black "Richter, Daniel"]
[Result "1/2-1/2"]
[WhiteElo "1999"]
[BlackElo "2152"]
[PlyCount "61"]
[EventDate "2003.08.06"]
[EventType "swiss"]
[EventRounds "7"]
[EventCountry "GER"]
[SourceTitle "EXT 2006"]
[Source "ChessBase"]
[SourceDate "2005.11.24"]
[SourceVersion "1"]
[SourceVersionDate "2005.11.24"]
[SourceQuality "1"]

1. e4 g6 2. d4 Bg7 3. c3 d6 4. f4 Nf6 5. Bd3 0-0 6. Nf3 c5 7. 0-0 Qb6 8. Na3 Nc6 9. Nc4 Qc7 10. d5 Na5 11. Ne3 c4 12. Bc2 b5 13. Nd4 Bd7 14. f5 Nb7 15. Ng4 Nxg4 16. Qxg4 Nc5 17. Rf3 e5 18. Ne2 Qd8 19. Bd2 f6 20. Qg3 Qe8 21. Kf2 Rb8 22. h4 gxf5 23. exf5 Qh5 24. Qh3 Kh8 25. Be3 Nd3+ 26. Bxd3 cxd3 27. Ng3 Qf7 28. Rd1 Qxd5 29. Bxa7 e4 30. Re3 Rbd8 31. Bd4 1/2-1/2